000 00791nam a2200193 a 4500
001 000027245
003 DO-SdBNP
005 20220708110745.0
007 ta
008 110330s2004 dr a r 000 0 spa d
040 _aDO-SdBNP
_bspa
_cBNPHU
082 4 _bD295m
_222
245 0 0 _aDeclaración de los miembros de la familia universitaria con motivo del homenaje que le rinden a su excelencia el generalisimo doctor Rafael Leonidas Trujillo M.
260 _cCiudad Trujillo, República Dominicana :
_bUniversidad Autónoma de santo Domingo,
_c[19--?].
300 _a104 p. :
_bil. retrs. ;
_c24 cm.
500 _aPrimer Doctor Honoris Causa de la Universidad de Santo Domingo, en ocasión del XXIX Aniversario de la Era de Trujillo.
590 _aInventariado, 2018/LP
942 _2ddc
_cLBS1
999 _c26737
_d26737